Elliott Lee

Thomas Jefferson A


Categories

Literature - World and Miscellaneous148002903466.18410
Literature - European162002604858.1144
Fine Arts - Painting162002601553.33412
Literature - British812002403979.0026
Literature - American124002203659.63410
Fine Arts - Music28001106893.4022
History - Cross, Historiography, and Miscellaneous6000904658.0002
Fine Arts - Miscellaneous4000602023.5024
Other - Other Academic and General Knowledge4000604755.5004
RMP - World Mythology0600606897.6722
Current Events - World2200505774.0000
RMP - Christian Practice2200503654.0000
RMP - Hebrew Bible2200505775.0022
RMP - Philosophy2200505278.5000
Fine Arts - Jazz04004073102.0022
Fine Arts - Opera2000304242.0022
RMP - Hinduism2000305757.0002
RMP - Islam2000304141.0022
RMP - Other Religion2000304949.0000
History - American2000305454.0000
Fine Arts - Ballet/Dance0200206969.0000
RMP - East Asian Religion0200208282.0000
History - World0200206060.0000
Social Science - Psychology0200204646.0002
Fine Arts - Film0200206767.0000
RMP - Greco-Roman Mythology000000.0000
Fine Arts - Photography000000.0000
Social Science - Linguistics000000.0000

Buzzes

Fine Arts - PaintingThe Third of May, 18082015
Fine Arts - Miscellaneousart museums2020
RMP - World Mythologysmall023
Fine Arts - PaintingGrant Wood2024
Literature - AmericanGeorge027
Fine Arts - MiscellaneousItaly2027
Literature - European“The Overcoat”027
Fine Arts - PaintingAdam2030
RMP - World Mythologysun032
Literature - World and MiscellaneousDeath and the King’s Horseman2034